Modern political science

Salvato in:
Dettagli Bibliografici
Autore principale: SINGH, Haridwar
Natura: Libro
Lingua:inglese
Pubblicazione: Ane Books 2018
Tags: Aggiungi Tag
Nessun Tag, puoi essere il primo ad aggiungerne!!

MARC

LEADER 00000nam a22000007a 4500
008 240828b |||||||| |||| 00| 0 eng d
020 |a 9789386761170 
100 |a SINGH, Haridwar 
245 |a Modern political science  |c /Haridwar Singh  |g vi,320p 
260 |b Ane Books   |c 2018  |h New Delhi  |i 701269  |i 701270  |l JA71.Si6  |m Political science 
500 |a it includes bibliographical references and index 
942 |a lcc  |c BK  |e Johnson  |f 28/08/24 
952 |0 0  |1 0  |2 lcc  |4 0  |6 JA0071 S I6  |7 0  |9 5541  |a SSL  |b HOL  |c GJ  |d 2024-08-28  |l 0  |o JA71.Si6  |p 2024-0780  |r 2024-08-28 00:00:00  |t 701269  |w 2024-08-28  |y BK 
952 |0 0  |1 0  |2 lcc  |4 0  |6 JA0071 S I6  |7 0  |9 5542  |a HOL  |b HOL  |c GJ  |d 2024-08-28  |l 0  |o JA71.Si6  |p 2024-0781  |r 2024-08-28 00:00:00  |t 701270  |w 2024-08-28  |y BK 
999 |c 2735  |d 2735